| 000 | 00507nam a2200169 4500 | ||
|---|---|---|---|
| 005 | 20250402151953.0 | ||
| 010 | _aENG-144442 | ||
| 020 |
_a9789357315012 _c599.00 |
||
| 035 | _aEN-127974 | ||
| 037 | _bDBAD | ||
| 082 | _a499.8 | ||
| 245 | _aChambers English Vocabulary | ||
| 260 |
_aGurugram _bHachette Books Publishing _c2024 |
||
| 270 |
_a4th and 5th Floor, Corporate Centre, Plot No.-94, Sector 44, _bGurugram _e122003 |
||
| 300 |
_a354p. _c23cm(pb) |
||
| 942 |
_2ddc _cEN _h433.8 _mENG |
||
| 999 |
_c210670 _d210670 |
||